000 00741nam a2200289Ia 4500
001 7906
003 IT-RoPAU
008 130308s9999 xx 000 0 und d
040 _aIT-RoPAU
040 _cIT-RoPAU
041 _aFRANCESE
100 _aDemeny Georges
100 _gCodice Aut. SPICS: 10298
245 _aDeboires d'un inventeur
245 _bIntelligence Du Cinematographe
250 _a2a ed.
260 _aPARIS
260 _bAujourd'Hui
260 _c1977 [1° Ed.:1946 - Ed.Ling.Originale:1946]
300 _a"2 p. (prefazione: no ; testo: 2 [pagine: 46-47])"
650 _aTEORICHE CINEMATOGRAFICHE
650 _eCodice materia Spics: 6805
942 _cBK
957 _71
999 _c52025
_d52025
999 _bSI
999 _g1